| 000 | 00617nam a2200169 i 4500 | ||
|---|---|---|---|
| 001 | 102078 | ||
| 003 | ES-MaACL | ||
| 005 | 20230906183036.0 | ||
| 007 | t| | ||
| 008 | 051103s1935 sp ||||1| spa d | ||
| 110 | 2 |
_aAsociación General de Ganaderos (España) _91713 |
|
| 245 | 1 | 0 | _aMemoria presentada por la Presidencia de la Asociación General de Ganaderos de España a la Junta General celebrada el día 25 de abril de 1935. |
| 260 |
_aMadrid : _bE. Giménez, _c1935. |
||
| 300 |
_a78 p. ; _c21 cm. |
||
| 610 | 2 |
_aAsociación General de Ganaderos (España)- _vMemorias. _9170456 |
|
| 852 |
_aES-MaACL _j1803-F-14 |
||
| 999 |
_c102078 _d102078 |
||